00690nam a2200241 a 4500001001300000003000900013005001700022008004100039020000800080082001700088100002700105245003600132260003800168300000900206500003500215505001000250650001800260700002700278902000800305942000700313952011300320999001500433nice12345678IN_TiNIC20260116011408.0050524s1965 dela grp 000 0 urd  ac500a297.64bFAR3 aFariq, Khursheed Ahmad aHazrat Osman Ke Sarkari Khatoot aDelhibNadwatul Musannifeenc1965 a206p aincludes index and biblioraphy2 aindex aOsman-Letters1 aFariq, Khursheed Ahmad bSRS cBK 001040708StackRoom-aHMIbHMId2007-07-10g5.00l0o297.64 FAR3p03694r2007-07-10v5.00w2005-05-24yBK c1142d1142